[Event "SVK-ch U2400"]
[Site "Liptovsky Jan"]
[Date "2025.06.15"]
[Round "7"]
[White "Kapinaj, Matus"]
[Black "Filo, David"]
[Result "1-0"]
[WhiteElo "2031"]
[BlackElo "1758"]
[PlyCount "65"]
[EventDate "2025.06.12"]
[EventType "swiss"]
[EventRounds "8"]
[EventCountry "SVK"]
[SourceTitle "CB25_2025"]
[SourceDate "2025.06.18"]
[SourceVersion "1"]
[SourceVersionDate "2025.06.18"]
[SourceQuality "1"]

1. e4 c5 2. Nf3 d6 3. d4 cxd4 4. Nxd4 Nf6 5. Nc3 a6 6. Rg1 e5 7. Nb3 Be7 8. g4 Be6 9. g5 Nfd7 10. Be3 Nc6 11. Qd2 b5 12. Nd5 Rc8 13. 0-0-0 Bxd5 14. exd5 Ncb8 15. f4 exf4 16. Bxf4 0-0 17. Kb1 Nb6 18. h4 Nc4 19. Qh2 Nd7 20. Nd4 Nce5 21. Bh3 Rc5 22. Bg2 Re8 23. Be4 Bf8 24. Qg2 Rc7 25. h5 Nc5 26. Bf5 Ncd7 27. g6 hxg6 28. hxg6 Nxg6 29. Bxg6 fxg6 30. Ne6 Rxe6 31. dxe6 Nf6 32. Qxg6 Rc4 33. Qf7+ 1-0

[Event "SVK-ch U2400"]
[Site "Liptovsky Jan"]
[Date "2025.06.14"]
[Round "5"]
[White "Kapinaj, Matus"]
[Black "Haborak, Kristian"]
[Result "0-1"]
[WhiteElo "2031"]
[BlackElo "2095"]
[PlyCount "82"]
[EventDate "2025.06.12"]
[EventType "swiss"]
[EventRounds "8"]
[EventCountry "SVK"]
[SourceTitle "CB25_2025"]
[SourceDate "2025.06.18"]
[SourceVersion "1"]
[SourceVersionDate "2025.06.18"]
[SourceQuality "1"]

1. e4 e5 2. Nf3 d6 3. d4 Nd7 4. Nc3 Be7 5. Bc4 Ngf6 6. 0-0 0-0 7. Re1 c6 8. a4 Qc7 9. h3 a5 10. Ba2 Rb8 11. Be3 b5 12. dxe5 dxe5 13. axb5 cxb5 14. Bg5 Bb4 15. Re3 Bc5 16. Rd3 Bb7 17. Nd5 Nxd5 18. Bxd5 Bxd5 19. Rxd5 Nb6 20. Rd3 h6 21. Bh4 a4 22. Qc1 Rbc8 23. Ne1 Qc6 24. Rg3 Kh7 25. Rg4 f6 26. Bg3 Bd4 27. c3 Rfd8 28. Nf3 b4 29. Nh4 g5 30. Nf5 h5 31. Rh4 Qe8 32. Kh2 Qg6 33. Ne7 Qf7 34. Nf5 bxc3 35. b3 axb3 36. Ra7 Nd7 37. Nd6 Qg6 38. Nxc8 Bxa7 39. Ne7 Qf7 40. Nf5 Bd4 41. Nd6 Qg6 0-1

[Event "SVK-ch U2400"]
[Site "Liptovsky Jan"]
[Date "2025.06.13"]
[Round "4"]
[White "Karapetsas, Athanasios"]
[Black "Kapinaj, Matus"]
[Result "0-1"]
[WhiteElo "1898"]
[BlackElo "2031"]
[PlyCount "64"]
[EventDate "2025.06.12"]
[EventType "swiss"]
[EventRounds "8"]
[EventCountry "SVK"]
[SourceTitle "CB25_2025"]
[SourceDate "2025.06.18"]
[SourceVersion "1"]
[SourceVersionDate "2025.06.18"]
[SourceQuality "1"]

1. e4 c5 2. Nf3 d6 3. d4 cxd4 4. Nxd4 Nf6 5. Nc3 a6 6. Be2 e5 7. Nb3 Be7 8. 0-0 0-0 9. Be3 Be6 10. Nd5 Bxd5 11. exd5 Nbd7 12. c4 b6 13. a4 a5 14. f4 Rc8 15. Rc1 Ne4 16. Bd3 Nec5 17. Nxc5 bxc5 18. Qc2 h6 19. Bf5 Bf6 20. fxe5 Bxe5 21. Qd2 Rb8 22. Rb1 Bd4 23. Bxd4 cxd4 24. Bxd7 Qxd7 25. Qxa5 Rb3 26. Qd2 Qxa4 27. Qxd4 Rc8 28. Qf4 Qd7 29. Rf3 Rb4 30. Rg3 Kh8 31. Rc1 Qa7+ 32. Kh1 Rbxc4 0-1

[Event "SVK-ch U2400"]
[Site "Liptovsky Jan"]
[Date "2025.06.12"]
[Round "1"]
[White "Kapinaj, Matus"]
[Black "Kaminsky, Ladislav"]
[Result "1-0"]
[WhiteElo "2031"]
[BlackElo "1687"]
[PlyCount "37"]
[EventDate "2025.06.12"]
[EventType "swiss"]
[EventRounds "8"]
[EventCountry "SVK"]
[SourceTitle "CB25_2025"]
[SourceDate "2025.06.18"]
[SourceVersion "1"]
[SourceVersionDate "2025.06.18"]
[SourceQuality "1"]

1. e4 Nc6 2. Nf3 d6 3. d4 g6 4. h3 Bg7 5. Nc3 e6 6. Be3 Nge7 7. Qd2 a6 8. 0-0-0 b5 9. Bh6 0-0 10. h4 f5 11. Bxg7 Kxg7 12. h5 fxe4 13. hxg6 hxg6 14. Qh6+ Kf7 15. Nxe4 Ke8 16. Qg7 Ng8 17. Qxg6+ Kd7 18. Nc5+ Ke7 19. Rh7+ 1-0

[Event "SVK-ch U18/20"]
[Site "Tatralandia"]
[Date "2025.05.18"]
[Round "9"]
[White "Vojtas, Marek"]
[Black "Kapinaj, Matus"]
[Result "1/2-1/2"]
[WhiteElo "1847"]
[BlackElo "2082"]
[PlyCount "39"]
[EventDate "2025.05.11"]
[EventType "swiss"]
[EventRounds "9"]
[EventCountry "SVK"]
[SourceTitle "CB21_2025"]
[SourceDate "2025.05.21"]
[SourceVersion "1"]
[SourceVersionDate "2025.05.21"]
[SourceQuality "1"]

1. e4 c5 2. Nc3 Nc6 3. Bb5 Nd4 4. Nf3 Nxb5 5. Nxb5 d6 6. 0-0 Nf6 7. d3 a6 8. Nc3 g6 9. Re1 Bg7 10. Bf4 0-0 11. Qd2 Bg4 12. e5 Nh5 13. exd6 exd6 14. Ng5 d5 15. h3 Bc8 16. Bh2 h6 17. Nf3 Be6 18. Ne5 Rc8 19. Nxg6 fxg6 20. Rxe6 1/2-1/2

[Event "SVK-ch U18/20"]
[Site "Tatralandia"]
[Date "2025.05.16"]
[Round "7"]
[White "Buzalka, Martin"]
[Black "Kapinaj, Matus"]
[Result "1/2-1/2"]
[WhiteElo "1927"]
[BlackElo "2082"]
[PlyCount "56"]
[EventDate "2025.05.11"]
[EventType "swiss"]
[EventRounds "9"]
[EventCountry "SVK"]
[SourceTitle "CB21_2025"]
[SourceDate "2025.05.21"]
[SourceVersion "1"]
[SourceVersionDate "2025.05.21"]
[SourceQuality "1"]

1. d4 d5 2. Nf3 Nf6 3. c4 c6 4. g3 dxc4 5. Bg2 e6 6. Ne5 Bb4+ 7. Nc3 Nd5 8. Bd2 b5 9. e4 Nxc3 10. bxc3 Bd6 11. Ng4 Bb7 12. 0-0 0-0 13. a4 a6 14. Qe2 Nd7 15. e5 Be7 16. a5 Qc7 17. f4 c5 18. f5 Bxg2 19. Qxg2 exf5 20. Rxf5 cxd4 21. cxd4 c3 22. Be3 c2 23. Rf2 Qc3 24. Rc1 h5 25. Rfxc2 Qd3 26. Rc3 Qf5 27. Nf2 Bb4 28. Rb3 Bxa5 1/2-1/2

[Event "SVK-chT rapid"]
[Site "Poprad"]
[Date "2025.05.04"]
[Round "5.14"]
[White "Krnan, Tomas"]
[Black "Kapinaj, Matus"]
[Result "1/2-1/2"]
[WhiteElo "2466"]
[BlackElo "1981"]
[PlyCount "145"]
[EventDate "2025.05.04"]
[EventType "team-swiss (rapid)"]
[EventRounds "7"]
[EventCountry "SVK"]
[SourceTitle "CB19_2025"]
[SourceDate "2025.05.07"]
[SourceVersion "1"]
[SourceVersionDate "2025.05.07"]
[SourceQuality "1"]

1. e4 e5 2. Nf3 Nc6 3. Bb5 a6 4. Ba4 Nf6 5. Nc3 b5 6. Bb3 Be7 7. d3 d6 8. a3 Bg4 9. Be3 Nd4 10. Bxd4 exd4 11. Nd5 Nd7 12. h3 Bxf3 13. Qxf3 0-0 14. 0-0 c6 15. Nxe7+ Qxe7 16. Qg3 Kh8 17. f4 Nc5 18. Ba2 Rae8 19. Qf2 f5 20. exf5 Qe3 21. Rae1 Qxf2+ 22. Kxf2 Na4 23. Rxe8 Rxe8 24. Rb1 d5 25. Bb3 Nc5 26. Re1 Rxe1 27. Kxe1 Kg8 28. g4 Kf7 29. Kd2 h5 30. Ba2 Na4 31. c3 Nxb2 32. cxd4 Na4 33. Bb3 Nb6 34. Bd1 hxg4 35. hxg4 a5 36. g5 Ke7 37. Bg4 Na8 38. f6+ gxf6 39. g6 Nb6 40. Kc3 Na4+ 41. Kc2 Nb6 42. Kb3 Kf8 43. Be6 Kg7 44. Bf7 Nc8 45. f5 Nd6 46. Be6 Kf8 47. Bd7 Kg7 48. Kc3 Kf8 49. Bxc6 Nxf5 50. Bxd5 Kg7 51. Be6 Nd6 52. d5 Kxg6 53. Kd4 b4 54. axb4 axb4 55. Bd7 b3 56. Kc3 f5 57. Kxb3 Kf6 58. d4 f4 59. Bg4 Kg5 60. Bf3 Kf5 61. Kb4 Kf6 62. Kc5 Ke7 63. Kc6 Ne8 64. Kc5 Nd6 65. Bg4 Ne8 66. Kc4 Kd6 67. Bf3 Nf6 68. Bg2 Ng4 69. Kd3 Ne3 70. Bf3 Nxd5 71. Ke4 Nb4 72. Kxf4 Nc2 73. Be4 1/2-1/2

[Event "SVK-ch U18 rapid"]
[Site "Poprad"]
[Date "2025.05.03"]
[Round "3"]
[White "Kapinaj, Matus"]
[Black "Straka, Simon"]
[Result "0-1"]
[WhiteElo "1981"]
[BlackElo "1749"]
[PlyCount "124"]
[EventDate "2025.05.03"]
[EventType "swiss (rapid)"]
[EventRounds "7"]
[EventCountry "SVK"]
[SourceTitle "CB19_2025"]
[SourceDate "2025.05.07"]
[SourceVersion "1"]
[SourceVersionDate "2025.05.07"]
[SourceQuality "1"]

1. e4 Nf6 2. e5 Nd5 3. d4 d6 4. Bc4 Nb6 5. Bb3 g6 6. Nf3 Bg7 7. Ng5 e6 8. f4 0-0 9. 0-0 c5 10. c3 cxd4 11. cxd4 dxe5 12. fxe5 Nc6 13. Be3 Nd5 14. Bxd5 exd5 15. Nc3 f6 16. exf6 Bxf6 17. Qd2 Bf5 18. Rxf5 gxf5 19. Ne6 Qd6 20. Nxf8 Rxf8 21. Rf1 Bg7 22. Kh1 Qe6 23. Re1 Qf7 24. a3 f4 25. Bg1 f3 26. gxf3 Qxf3+ 27. Qg2 Nxd4 28. Bxd4 Qxg2+ 29. Kxg2 Bxd4 30. Nxd5 Rf2+ 31. Kg3 Rxb2 32. Re4 Bc5 33. a4 Bd6+ 34. Kg4 Rxh2 35. Kf5 Kf7 36. Rd4 Bc5 37. Rd3 Ra2 38. Nc3 Rf2+ 39. Ke4 Ke6 40. Rh3 Rf7 41. Rh6+ Kd7 42. Nd5 Be7 43. Nc3 Bg5 44. Rh5 h6 45. Nb5 a6 46. Nd4 Rf4+ 47. Kd5 Rh4 48. Rxh4 Bxh4 49. Nf5 Bg5 50. Ng3 Kc7 51. Kc5 b6+ 52. Kd5 Bd2 53. Nh5 b5 54. axb5 a5 55. Kc5 a4 56. Kc4 Kb6 57. Nf6 Bg5 58. Nd5+ Kb7 59. Kb4 h5 60. Kxa4 h4 61. Nc3 h3 62. Ne4 Bh4 0-1

[Event "SVK-chT rapid"]
[Site "Poprad"]
[Date "2025.??.??"]
[Round "2.18"]
[White "Kapinaj, Matus"]
[Black "Ballo, Filip"]
[Result "0-1"]
[WhiteElo "1981"]
[BlackElo "1888"]
[PlyCount "40"]
[EventDate "2025.05.04"]
[EventType "team-swiss (rapid)"]
[EventRounds "7"]
[EventCountry "SVK"]
[SourceTitle "CB19_2025"]
[SourceDate "2025.05.07"]
[SourceVersion "1"]
[SourceVersionDate "2025.05.07"]
[SourceQuality "1"]

1. e4 c5 2. Nf3 Nc6 3. Bb5 e6 4. Bxc6 bxc6 5. b3 d5 6. d3 Nf6 7. Qe2 Ba6 8. c4 Be7 9. 0-0 Qc7 10. Nc3 h6 11. Na4 g5 12. Bb2 d4 13. Ne1 h5 14. Bc1 0-0-0 15. Bxg5 Ng4 16. f4 Bxg5 17. Nxc5 Bxf4 18. Nxa6 Be3+ 19. Rf2 Qxh2+ 20. Kf1 Qh1# 0-1

[Event "Bratislava exe op 2nd"]
[Site "Bratislava"]
[Date "2024.09.17"]
[Round "4"]
[White "Delaney, John Anthony"]
[Black "Kapinaj, Matus"]
[Result "0-1"]
[WhiteElo "2115"]
[BlackElo "1843"]
[PlyCount "90"]
[EventDate "2024.09.14"]
[EventType "swiss"]
[EventRounds "9"]
[EventCountry "SVK"]
[SourceTitle "EXT 2025"]
[Source "ChessBase"]
[SourceDate "2024.10.14"]
[SourceVersion "1"]
[SourceVersionDate "2024.10.14"]
[SourceQuality "1"]

1. e4 e6 2. d3 c5 3. Nf3 Nc6 4. g3 d5 5. Nbd2 Nf6 6. Bg2 Qc7 7. 0-0 b6 8. Re1 Be7 9. Nf1 0-0 10. e5 Nd7 11. Bf4 b5 12. h4 a5 13. N1h2 b4 14. Ng4 Ba6 15. Ng5 Qb6 16. Bh3 Rfd8 17. Kg2 Nd4 18. Ne3 h6 19. Qh5 hxg5 20. hxg5 g6 21. Qh4 Bf8 22. Rh1 Bg7 23. Rae1 Bb7 24. Rh2 a4 25. Reh1 Kf8 26. Qh7 b3 27. axb3 axb3 28. c3 Nc2 29. Ng4 d4+ 30. Kg1 Ra1+ 31. Bf1 Bxh1 32. Nh6 Ke7 33. Qxg7 Rf8 34. Ng8+ Rxg8 35. Qxg8 Ra8 36. Qg7 dxc3 37. Bc1 cxb2 38. Bxb2 Bd5 39. Rh7 Rf8 40. Qxg6 Nd4 41. f4 Nf3+ 42. Kf2 c4+ 43. d4 Nxd4 44. Ba3+ Ke8 45. Rxf7 Nc2+ 0-1

[Event "Bratislava exe op 2nd"]
[Site "Bratislava"]
[Date "2024.09.15"]
[Round "2"]
[White "Jursova, Elena"]
[Black "Kapinaj, Matus"]
[Result "0-1"]
[WhiteElo "1571"]
[BlackElo "1843"]
[PlyCount "86"]
[EventDate "2024.09.14"]
[EventType "swiss"]
[EventRounds "9"]
[EventCountry "SVK"]
[SourceTitle "EXT 2025"]
[Source "ChessBase"]
[SourceDate "2024.10.14"]
[SourceVersion "1"]
[SourceVersionDate "2024.10.14"]
[SourceQuality "1"]

1. d4 Nf6 2. c4 e6 3. Nf3 Bb4+ 4. Bd2 a5 5. a3 Bxd2+ 6. Nbxd2 0-0 7. e3 d6 8. Bd3 Qe7 9. Qc2 e5 10. 0-0 Bg4 11. Ng5 h6 12. Nge4 Nxe4 13. Bxe4 c6 14. h3 Bd7 15. dxe5 dxe5 16. c5 f5 17. Bd3 Be6 18. Rad1 Nd7 19. Rc1 Kh8 20. Bc4 Nxc5 21. Bxe6 Nxe6 22. Qc3 e4 23. Nc4 Qg5 24. Nd6 Rf6 25. Rcd1 Qg6 26. Kh2 f4 27. exf4 Nxf4 28. Qg3 Rxd6 29. Qxf4 Rf6 30. Qe3 Raf8 31. Rd4 Rf4 32. Rd7 b5 33. Qd2 Qe6 34. Qd4 R8f6 35. Rd8+ Kh7 36. Qe3 Qe5 37. Kg1 Qf5 38. Rd2 Qg6 39. Rd4 c5 40. Rd5 Rf3 41. Qe2 e3 42. Kh1 Rxf2 43. Rxf2 Rxf2 0-1

[Event "Piestany Slovakia op-B"]
[Site "Piestany"]
[Date "2024.07.12"]
[Round "4"]
[White "Kapinaj, Matus"]
[Black "Otahal, Kristian"]
[Result "1-0"]
[WhiteElo "1808"]
[BlackElo "1589"]
[PlyCount "45"]
[EventDate "2024.07.09"]
[EventType "swiss"]
[EventRounds "9"]
[EventCountry "SVK"]
[SourceTitle "EXT 2025"]
[Source "ChessBase"]
[SourceDate "2024.10.14"]
[SourceVersion "1"]
[SourceVersionDate "2024.10.14"]
[SourceQuality "1"]

1. e4 e5 2. Nf3 Nc6 3. Bb5 a6 4. Ba4 Nf6 5. 0-0 b5 6. Bb3 Be7 7. Re1 d6 8. c3 Bg4 9. a4 0-0 10. d3 h6 11. Nbd2 Na5 12. Bc2 c5 13. Nf1 Nc6 14. h3 Be6 15. d4 exd4 16. cxd4 d5 17. e5 Nd7 18. Qd3 f5 19. exf6 Rxf6 20. Qh7+ Kf8 21. axb5 axb5 22. Rxa8 Qxa8 23. Rxe6 1-0

[Event "SVK-chT2A 2324"]
[Site "Slovakia"]
[Date "2023.12.03"]
[Round "6.7"]
[White "Chovanec, Vladimir"]
[Black "Kapinaj, Matus"]
[Result "1-0"]
[WhiteElo "1945"]
[BlackElo "1606"]
[PlyCount "51"]
[EventDate "2023.10.07"]
[EventType "team-tourn"]
[EventRounds "11"]
[EventCountry "SVK"]
[SourceTitle "EXT 2025"]
[Source "ChessBase"]
[SourceDate "2024.10.14"]
[SourceVersion "1"]
[SourceVersionDate "2024.10.14"]
[SourceQuality "1"]
[WhiteTeam "Bratislava Doprastav II"]
[BlackTeam "Bratislava Doprastav III"]
[WhiteTeamCountry "SVK"]
[BlackTeamCountry "SVK"]

1. Nf3 Nf6 2. g3 c5 3. Bg2 Nc6 4. d3 d5 5. 0-0 e5 6. e4 d4 7. a4 h6 8. Na3 Be6 9. Nc4 Nd7 10. Ne1 Be7 11. f4 f6 12. Nf3 0-0 13. b3 a6 14. f5 Bf7 15. Nh4 b5 16. axb5 axb5 17. Rxa8 Qxa8 18. Nb2 Rc8 19. Ng6 Nb6 20. Qh5 Bf8 21. g4 c4 22. g5 fxg5 23. Bxg5 Ne7 24. Bxe7 Bxg6 25. Qxg6 Rc6 26. f6 1-0